Ιδεολογία και παιδική λογοτεχνία : όψεις του "Άλλου στο κείμενο και την εικονογράφηση του παιδικού βιβλίου προσχολικής και πρωτοσχολικής ηλικίας" ; διπλωματική εργασία [μεταπτυχιακή]

Αποθηκεύτηκε σε:
Λεπτομέρειες βιβλιογραφικής εγγραφής
Κύριος συγγραφέας: Πρεβεζάνου, Βαρβάρα
Άλλοι συγγραφείς: Ζερβού, Αλεξάνδρα Κ. (Εισηγητής διατριβής), Αναγνωστοπούλου, Διαμάντη (Εισηγητής διατριβής), Γιαννικοπούλου, Αγγελική Α.
Μορφή: Thesis Βιβλίο
Γλώσσα:Greek
Δημοσίευση: Ρόδος : Πανεπιστήμιο Αιγαίου, Σχολή Ανθρωπιστικών Επιστημών, 2006.
Θέματα:
Διαθέσιμο Online:http://hdl.handle.net/11610/13766
Ετικέτες: Προσθήκη ετικέτας
Δεν υπάρχουν, Καταχωρήστε ετικέτα πρώτοι!

MARC

LEADER 00000cam a2200000 i 4500
001 1/38027
008 061122s2006 gre d
035 |l 10086245 
040 |a GR-MY-UA  |b gre  |e aacr 
041 0 |a gre 
082 7 |a 808.068   |2 (22) 
100 1 |a Πρεβεζάνου, Βαρβάρα. 
245 1 0 |a Ιδεολογία και παιδική λογοτεχνία :   |b όψεις του "Άλλου στο κείμενο και την εικονογράφηση του παιδικού βιβλίου προσχολικής και πρωτοσχολικής ηλικίας" ; διπλωματική εργασία [μεταπτυχιακή] /   |c Πρεβαζάνου Βαρβάρα ; Ζερβού Αλεξάνδρα (επιβλέπουσα) ; Αναγνωστοπούλου Διαμάντη, Γιαννικοπούλου Αγγελική.  
260 |a Ρόδος :   |b Πανεπιστήμιο Αιγαίου, Σχολή Ανθρωπιστικών Επιστημών,   |c 2006.  
300 |a 95 σ. ;   |b εγχρωμ.εικ. ;   |c 30 εκ. 
502 |a Διατριβή (μεταπτυχιακή) – Πανεπιστήμιο Αιγαίου, Ρόδος, 2006. 
504 |a Περιέχει βιβλιογραφικές παραπομπές.  
610 2 0 |a University of the Aegean  |x Dissertations. 
650 0 0 |a Dissertations, Academic. 
650 0 0 |a Illustrated children's books  |x Design. 
650 0 0 |a Children's literature. 
700 1 |a Ζερβού, Αλεξάνδρα Κ.  |4 ths 
700 1 |a Αναγνωστοπούλου, Διαμάντη.  |4 ths 
700 1 |a Γιαννικοπούλου, Αγγελική Α. 
852 |a INST  |b RHODES  |c DIATR  |e 20061122  |h 808.068 ΠΡΕ  |p 005400024385  |q 005400024385  |t MTXE  |y 23 
852 |a INST  |b RHODES  |c DIATR  |e 20061122  |h 808.068 ΠΡΕ  |p 005400024386  |q 005400024386  |t MTXE  |y 23 
856 |u http://hdl.handle.net/11610/13766 
901 |a BIBL4-2006-3 
909 |a Ρ  |b 126891 
909 |a Ρ  |b 126892 
924 |a ΠΡΕΒΕΖΑΝΟΥ  |b ΒΑΡΒΑΡΑ  |y Ρόδος  |z 2006-07 
970 |a ΣΙΔΕΡΗ  |b ΝΕΚΤΑΡΙΑ  |z 2006/11/22